Statistiques concernant Focus sur: Dirk Cresswell - Harry Potter

Cliquez ici pour prendre le quiz!

Statistiques générales

  • Ce quiz a été pris 19 fois
  • Le résultat moyen est 4 sur 6

Statistiques - réponses

Informations recherchéesRéponses% Correct
Ecole fréquentéePoudlard
94%
Statu du sangNé-Moldu
88%
Première apparitionHarry Potter et le Prince de Sang-Mêlé
82%
ProfessionChef du bureau de liaison des gobelins
71%
Lieu de "rencontre" avec Harry PotterForêt de Dean
18%
Acteur l'interprétant dans les filmsRicky Wilson
18%

Distribution des résultats

Percentile par nombre de réponses

% des personnes avec chaque résultat

Votre développement - résultats

Vous n’avez pas pris ce quiz